<?xml version="1.0" encoding="UTF-8"?>
<record
    xmlns:xsi="http://www.w3.org/2001/XMLSchema-instance"
    xsi:schemaLocation="http://www.loc.gov/MARC21/slim http://www.loc.gov/standards/marcxml/schema/MARC21slim.xsd"
    xmlns="http://www.loc.gov/MARC21/slim">

  <leader>00870nam a2200133   4500</leader>
  <controlfield tag="008">711.57 B561b</controlfield>
  <datafield tag="082" ind1=" " ind2=" ">
    <subfield code="a">711.57</subfield>
    <subfield code="b">B561b</subfield>
  </datafield>
  <datafield tag="100" ind1=" " ind2=" ">
    <subfield code="a">Lamoyi, Carla (editora)</subfield>
    <subfield code="9">6284</subfield>
  </datafield>
  <datafield tag="245" ind1=" " ind2=" ">
    <subfield code="a">Bestias</subfield>
  </datafield>
  <datafield tag="260" ind1=" " ind2=" ">
    <subfield code="a">Ciudad de M&#xE9;xico</subfield>
    <subfield code="b">FIEBRE ediciones</subfield>
    <subfield code="c">2017</subfield>
  </datafield>
  <datafield tag="300" ind1=" " ind2=" ">
    <subfield code="a">121 p.</subfield>
    <subfield code="b">ill (col)</subfield>
    <subfield code="c">21 x 15 cm</subfield>
  </datafield>
  <datafield tag="505" ind1=" " ind2=" ">
    <subfield code="t">Destruir para volver a construir: introducci&#xF3;n al bestiario fiebre</subfield>
    <subfield code="t">Construcci&#xF3;n ef&#xED;mera te&#xF3;rico-pr&#xE1;ctica</subfield>
    <subfield code="t">Construcci&#xF3;n ef&#xED;mera / encuentro de arte multidisciplinario</subfield>
    <subfield code="t">Interacci&#xF3;n con la movida subterr&#xE1;nea</subfield>
    <subfield code="t">La voz es el rock maldito, &#xD3;scar Malca</subfield>
    <subfield code="t">Intervenci&#xF3;n urbana / arquitectura ef&#xED;mera II</subfield>
    <subfield code="t">Arquitectos con caras sucias, Sissi Acha</subfield>
    <subfield code="t">Proyecto te&#xF3;rico-pr&#xE1;cticos de arquitectura y urbanismo</subfield>
    <subfield code="t">Revoluci&#xF3;n cultural y org&#xED;a creativa, Miguel A. L&#xF3;pez</subfield>
  </datafield>
  <datafield tag="650" ind1=" " ind2=" ">
    <subfield code="x">arte contempor&#xE1;neo</subfield>
    <subfield code="x">arquitectura</subfield>
    <subfield code="x">planificaci&#xF3;n cultural</subfield>
    <subfield code="x">arte c&#xED;vico</subfield>
    <subfield code="x">rock-m&#xFA;sica</subfield>
    <subfield code="9">6285</subfield>
  </datafield>
  <datafield tag="999" ind1=" " ind2=" ">
    <subfield code="c">1446</subfield>
    <subfield code="d">1446</subfield>
  </datafield>
  <datafield tag="952" ind1=" " ind2=" ">
    <subfield code="0">0</subfield>
    <subfield code="1">0</subfield>
    <subfield code="2">ddc</subfield>
    <subfield code="4">0</subfield>
    <subfield code="7">0</subfield>
    <subfield code="a">LV</subfield>
    <subfield code="b">LV</subfield>
    <subfield code="c">Pensamiento</subfield>
    <subfield code="d">2018-05-17</subfield>
    <subfield code="l">0</subfield>
    <subfield code="o">711.57 B561b</subfield>
    <subfield code="p">004532</subfield>
    <subfield code="r">2018-05-17 00:00:00</subfield>
    <subfield code="w">2018-05-17</subfield>
    <subfield code="y">01</subfield>
  </datafield>
</record>
